| 000 | 00756nam a22002057a 4500 | ||
|---|---|---|---|
| 999 |
_c10306 _d10306 |
||
| 003 | AR-CdUCM | ||
| 008 | 190329b ||||| |||| 00| 0 spa d | ||
| 040 |
_aMUNICIPALIDAD PROVINCIAL DEL CUSCO _cBIBLIOTECA MUNICIPAL DEL CUSCO |
||
| 082 |
_a523.1 / _bL12 / 1943 |
||
| 100 |
_aLaberenne, Paul _927096 |
||
| 245 | _aEl origen de los mundos / | ||
| 260 |
_aBuenos Aires : _bProblemas. _c1943. |
||
| 300 |
_a253 páginas ; _bfiguras, _c22 cm. |
||
| 505 | _aContenido: Introducción filosófica y astronómica -- La evolución del problema cosmogonico en el transcurso de los siglos -- Las discusiones actuales -- Anexos. | ||
| 650 |
_aCosmogonía _927097 |
||
| 650 |
_aUniverso _918615 |
||
| 650 |
_aFilosofía _9395 |
||
| 942 |
_2ddc _cLIBROS |
||
| 945 | _aachl | ||